Moderní nástroje recruitera: chytré vyhledávání i osobní videa
Nedostatok ľudí na trhu práce núti firmy hľadať stále nové spôsoby náboru. Aké možnosti sú dnes pracovníkom v nábore k dispozícii a ako ich efektívne využívať.
Salvato in:
| Autore principale: | |
|---|---|
| Natura: | Capitolo di libro |
| Lingua: | ceco |
| Soggetti: | |
| Tags: |
Nessun Tag, puoi essere il primo ad aggiungerne!!
|
MARC
| LEADER | 00000naa a2200000 4500 | ||
|---|---|---|---|
| 001 | 0222598 | ||
| 005 | 20231113135231.8 | ||
| 041 | 0 | |a cze | |
| 044 | |a CZ | ||
| 245 | 1 | 0 | |a Moderní nástroje recruitera: chytré vyhledávání i osobní videa |c Zdeněk Bajer |
| 520 | |a Nedostatok ľudí na trhu práce núti firmy hľadať stále nové spôsoby náboru. Aké možnosti sú dnes pracovníkom v nábore k dispozícii a ako ich efektívne využívať. | ||
| 610 | 2 | 0 | |a nábor pracovníkov |
| 610 | 2 | 0 | |a technológie nové |
| 610 | 2 | 0 | |a siete počítačové |
| 100 | 1 | |a Bajer, Zdeněk | |